[Event "Massy op"]
[Site "Massy"]
[Date "2010.06.??"]
[Round "?"]
[White "Doucin, Paul"]
[Black "Peignien, Laurent"]
[Result "1-0"]
[WhiteElo "1692"]
[BlackElo "1526"]
[PlyCount "47"]
[EventDate "2010.06.??"]
[EventType "swiss"]
[EventRounds "7"]
[EventCountry "FRA"]
[SourceTitle "EXT 2011"]
[Source "ChessBase"]
[SourceDate "2010.11.26"]
[SourceVersion "1"]
[SourceVersionDate "2010.11.26"]
[SourceQuality "1"]

1. e4 e6 2. d4 d5 3. Nc3 Bb4 4. e5 c5 5. a3 Bxc3+ 6. bxc3 Ne7 7. Qg4 0-0 8. Bg5 Nbc6 9. Bd2 cxd4 10. cxd4 Nf5 11. Nf3 Qc7 12. Bd3 Nce7 13. 0-0 f6 14. Qh3 fxe5 15. Nxe5 Rf6 16. Bg5 Rh6 17. Bxh6 Nxh6 18. g4 Qc3 19. Qe3 Kf8 20. Bxh7 Qxe3 21. fxe3+ Ke8 22. Rf4 Nhg8 23. Bxg8 Nxg8 24. Rf7 1-0

[Event "Francophone-ch 1st"]
[Site "Hammamet "]
[Date "2010.04.25"]
[Round "4"]
[White "Peignien, Laurent"]
[Black "Taieb, Sahbi"]
[Result "0-1"]
[WhiteElo "1528"]
[BlackElo "2051"]
[PlyCount "66"]
[EventDate "2010.04.25"]
[EventType "swiss"]
[EventRounds "9"]
[EventCountry "TUN"]
[SourceTitle "EXT 2011"]
[Source "ChessBase"]
[SourceDate "2010.11.26"]
[SourceVersion "1"]
[SourceVersionDate "2010.11.26"]
[SourceQuality "1"]

1. e4 c5 2. c3 d5 3. exd5 Qxd5 4. d4 cxd4 5. Nf3 Bg4 6. Be2 d3 7. Qxd3 Qxd3 8. Bxd3 Bxf3 9. gxf3 Nc6 10. Bf4 e5 11. Bg3 h5 12. Be4 Bd6 13. h4 Nge7 14. Nd2 f5 15. Bxc6+ Nxc6 16. Nc4 Bc7 17. 0-0-0 f4 18. Bh2 Rd8 19. Rde1 0-0 20. Rhg1 Kh7 21. Rg5 g6 22. Nxe5 Nxe5 23. Rgxe5 Bxe5 24. Rxe5 Rd7 25. Re4 Rdf7 26. Kc2 Kh6 27. Re6 Rf6 28. Rxf6 Rxf6 29. Kd3 g5 30. Ke4 Kg6 31. hxg5 Kxg5 32. c4 Re6+ 33. Kd3 Re1 0-1

[Event "Francophone-ch 1st"]
[Site "Hammamet "]
[Date "2010.04.25"]
[Round "5"]
[White "Rechi Perez, Francesco"]
[Black "Peignien, Laurent"]
[Result "1-0"]
[WhiteElo "1967"]
[BlackElo "1528"]
[PlyCount "70"]
[EventDate "2010.04.25"]
[EventType "swiss"]
[EventRounds "9"]
[EventCountry "TUN"]
[SourceTitle "EXT 2011"]
[Source "ChessBase"]
[SourceDate "2010.11.26"]
[SourceVersion "1"]
[SourceVersionDate "2010.11.26"]
[SourceQuality "1"]

1. e4 e6 2. d4 d5 3. Nd2 Bb4 4. c3 Ba5 5. Qg4 Kf8 6. e5 c5 7. dxc5 Nd7 8. Qd4 Ne7 9. b4 Bc7 10. f4 b6 11. Bd3 bxc5 12. bxc5 Nc6 13. Qf2 Ba5 14. Ne2 Qe7 15. Nb3 Bd8 16. Be3 Qh4 17. Qxh4 Bxh4+ 18. g3 Be7 19. Bb5 Bb7 20. 0-0-0 Rc8 21. Kb2 Ncb8 22. c6 Nxc6 23. Bxc6 Bxc6 24. Bxa7 Ra8 25. Bd4 Ba3+ 26. Kc2 Bb5 27. Nec1 Ke7 28. Nd3 Rhc8 29. Rhe1 Rc6 30. Kb1 Nb6 31. Nb4 Bxb4 32. cxb4 Nc4 33. Bc5+ Ke8 34. Nd4 Rca6 35. Nxb5 Rxa2 1-0

[Event "Massy 21th op"]
[Site "Massy "]
[Date "2009.06.28"]
[Round "?"]
[White "Peignien, Laurent"]
[Black "Guionnet, Alain"]
[Result "0-1"]
[WhiteElo "1524"]
[BlackElo "1701"]
[PlyCount "53"]
[EventDate "2009.06.27"]
[EventType "swiss"]
[EventRounds "7"]
[EventCountry "FRA"]
[SourceTitle "EXT 2010"]
[Source "ChessBase"]
[SourceDate "2010.11.25"]
[SourceVersion "1"]
[SourceVersionDate "2010.11.25"]
[SourceQuality "1"]

1. d4 Nf6 2. c4 g6 3. Nf3 Bg7 4. g3 c5 5. e3 cxd4 6. exd4 0-0 7. Bg2 d6 8. Nc3 Nc6 9. 0-0 Bf5 10. a3 Qd7 11. Re1 Rfe8 12. Be3 Rac8 13. Rc1 Bh3 14. Bh1 h6 15. Qd2 Kh7 16. b4 Nd8 17. c5 Ng4 18. Bf4 Ne6 19. Be3 Rc7 20. Ne2 Nxe3 21. fxe3 dxc5 22. bxc5 Rec8 23. Qb4 Nd8 24. Red1 Nc6 25. Qb2 Qe8 26. Nf4 Bd7 27. Nd5 0-1

[Event "Massy 21th op"]
[Site "Massy "]
[Date "2009.06.28"]
[Round "?"]
[White "Peignien, Laurent"]
[Black "Msellek, Ilyass"]
[Result "0-1"]
[WhiteElo "1524"]
[BlackElo "1935"]
[PlyCount "28"]
[EventDate "2009.06.27"]
[EventType "swiss"]
[EventRounds "7"]
[EventCountry "FRA"]
[SourceTitle "EXT 2010"]
[Source "ChessBase"]
[SourceDate "2010.11.25"]
[SourceVersion "1"]
[SourceVersionDate "2010.11.25"]
[SourceQuality "1"]

1. e4 c5 2. c3 d5 3. exd5 Qxd5 4. d4 Nf6 5. Nf3 Bg4 6. Be2 e6 7. 0-0 Nc6 8. Be3 cxd4 9. cxd4 Bb4 10. a3 Ba5 11. Qd3 0-0 12. Nbd2 Rfd8 13. b4 Bb6 14. Nb3 e5 0-1